Film industry in West Pakistan / (Record no. 19139)
[ view plain ]
| 000 -LEADER | |
|---|---|
| fixed length control field | 00757nam a22002297a 4500 |
| 001 - CONTROL NUMBER | |
| control field | 19139 |
| 003 - CONTROL NUMBER IDENTIFIER | |
| rucl marc code | BD-RjUL |
| 005 - DATE AND TIME OF LATEST TRANSACTION | |
| control field | 20211209000406.0 |
| 008 - FIXED-LENGTH DATA ELEMENTS--GENERAL INFORMATION | |
| fixed length control field | 140223s1957 pk |||| |||| 000 0 eng d |
| 035 ## - SYSTEM CONTROL NUMBER | |
| System control number | (BD-RjUL)19197 |
| 040 ## - CATALOGING SOURCE | |
| Original cataloging agency | BD-RjUL |
| Language of cataloging | eng |
| Transcribing agency | BD-RjUL |
| 041 ## - LANGUAGE CODE | |
| Language code of text/sound track or separate title | eng |
| 082 04 - DEWEY DECIMAL CLASSIFICATION NUMBER | |
| Edition number | 19 |
| Classification number | 384.8095491 |
| Author mark and year | ANF 1957 |
| 100 1# - MAIN ENTRY--PERSONAL NAME | |
| Personal name | Anwar, Abdul Aziz |
| 9 (RLIN) | 44322 |
| 245 0# - TITLE STATEMENT | |
| Title | Film industry in West Pakistan / |
| Statement of responsibility, etc. | Abdul Aziz, Anwar, |
| 260 ## - PUBLICATION, DISTRIBUTION, ETC. (IMPRINT) | |
| Place of publication, distribution, etc. | Punjab (Pakistan) : |
| Name of publisher, distributor, etc. | Board of Economic Inquiry, |
| Date of publication, distribution, etc. | 1957. |
| 300 ## - PHYSICAL DESCRIPTION | |
| Pagination | vii, 249 p. ; |
| Size | 25 cm. |
| 490 #0 - SERIES STATEMENT | |
| Series statement | Publication (Board of Economic Inquiry, West Pakistan, Lahore), |
| Volume/sequential designation | no. 117. |
| 500 ## - GENERAL NOTE | |
| General note | Includes statistical tables. |
| 650 #0 - SUBJECT ADDED ENTRY--TOPICAL TERM | |
| Topical term or geographic name as entry element | Motion picture industry -- Pakistan. |
| 9 (RLIN) | 58943 |
| 942 ## - ADDED ENTRY ELEMENTS (KOHA) | |
| Source of classification or shelving scheme | Dewey Decimal Classification |
| Koha item type | Books |
| Lost status | Source of classification or shelving scheme | Damaged status | Not for loan | Collection code | Permanent Location | Current Location | Shelving location | Date acquired | Source of acquisition | Cost, normal purchase price | Total Checkouts | Full call number | Date last seen | Copy number | Koha item type |
|---|---|---|---|---|---|---|---|---|---|---|---|---|---|---|---|
| Dewey Decimal Classification | Non-fiction | Central Library, University of Rajshahi | Central Library, University of Rajshahi | Reading Room | 28/03/1962 | Bored of Economic in Punjab | 3.00 | 384.8095491 ANF 1957 | 23/02/2014 | C-1 | Books |